Redes neuronales artificiales : fundamentos, modelos y aplicaciones /

Contenido: Una introducción a la computación neuronal; Fundamentos de las redes neuronales; Características de las redes neuronales; Redes neuronales con conexiones hacia adelante; El modelo de Hopfield; El modelo de resonancia adaptativa (ART); El modelo de Kohonen; Redes estocásticas; Redes neuron...

وصف كامل

محفوظ في:
التفاصيل البيبلوغرافية
المؤلف الرئيسي: Hilera González, José Ramón (autor)
مؤلفون آخرون: Martínez Hernando, Víctor José (autor) (autor)
التنسيق: كتاب
اللغة:الإسبانية
منشور في: Wilmington, EUA : Madrid, España : Addison-Wesley ; Ra-Ma, 1995, c1995
سلاسل:(Paradigma Ra-Ma)
الموضوعات:
الوسوم: إضافة وسم
لا توجد وسوم, كن أول من يضع وسما على هذه التسجيلة!

MARC

LEADER 00000nam^a2200000^a^4500
001 000182402
005 20250521000000.0
009 20260310102007.147
020 |a 0-201-87895-X 
037 |a Acervo ITESO - Biblioteca 
041 |a ESP 
082 |a 006. 32  |b HIL 
100 |a Hilera González, José Ramón  |e (autor) 
245 1 0 |a Redes neuronales artificiales :  |b fundamentos, modelos y aplicaciones /  |c J.R. Hilera González, V.J. Martínez Hernando. 
264 4 |a Wilmington, EUA :  |b Addison-Wesley ;  |a Madrid, España :  |b Ra-Ma,  |c 1995, c1995 
300 |a XVI, 390 p. 
336 |a texto  |b txt  |2 rdacontenido 
337 |a sin mediación  |b n  |2 rdamedio 
338 |a volumen  |b nc  |2 rdasoporte 
440 1 |a (Paradigma Ra-Ma) 
520 |a Contenido: Una introducción a la computación neuronal; Fundamentos de las redes neuronales; Características de las redes neuronales; Redes neuronales con conexiones hacia adelante; El modelo de Hopfield; El modelo de resonancia adaptativa (ART); El modelo de Kohonen; Redes estocásticas; Redes neuronales y lógica borrosa. 
649 |a XX 
650 |a Redes Neurales 
650 |a Inteligencia Artificial 
650 |a Lógica Difusa 
650 |a Ingeniería Computacional 
700 |a Martínez Hernando, Víctor José  |e (autor) 
910 |a Fondo General 
920 |a Impresos - Libros 
930 |a Colección General 
905 |a 101 
901 |a 0500122356  |b IT1  |c ACC  |u 20250521 
902 |a https://opac.biblio.iteso.mx/vufind/Record/000182402